=LDR 00000nam 2200000 4500 =001 INLIS000000000034930 =005 20240301025341 =035 ##$$a 0010-061300000034930 =008 240301###########################0#ind## =041 ##$$a ind =082 ##$$a 028.507 6 =090 ##$$a 028.507 6, Tri t =100 ##$$a Trimmansyah, Bambang =245 1#$$a Tanya jawab anak Muslim /$c Bambang Trimmansyah =260 ##$$a Bekasi :$b MQ Kecil,$c 2008 =300 ##$$a vi,42 hlm : $b Ilus ; $c 22 cm =650 #4$$a Bacaan Kanak-kanak - Tanya jawab =700 #$$a Praheswari, Mutia =850 ##$$a NBPNMAT =020 ##$$a 9793503432 =084 ##$$a 028.507 6 TRI =250 ##$$a Cet.2 =990 ##$$a 0001/BPAP-NTB/20142015 =990 ##$$a 21010530 =990 ##$$a 33193319 =990 ##$$a 21010543 =990 ##$$a 0001/BPAP-NTB/20142015 =990 ##$$a 21010530